La jouissance et le trouble: recherches sur la littérature chrétienne de l'âge classique
| Main Author: | |
|---|---|
| Format: | Print Book |
| Language: | French |
| Subito Delivery Service: | Order now. |
| Check availability: | HBZ Gateway |
| WorldCat: | WorldCat |
| Interlibrary Loan: | Interlibrary Loan for the Fachinformationsdienste (Specialized Information Services in Germany) |
| Published: |
Genève
Droz
2004
|
| In: |
Titre courant (32)
Year: 2004 |
| Series/Journal: | Titre courant
32 |
| Standardized Subjects / Keyword chains: | B
Christian literature
/ Civilization, Classical
|
| Further subjects: | B
Christian literature, French
17th century
History and criticism
B French Literature 17th century History and criticism |
| Online Access: |
Table of Contents Blurb |
MARC
| LEADER | 00000cam a2200000 c 4500 | ||
|---|---|---|---|
| 001 | 492015082 | ||
| 003 | DE-627 | ||
| 005 | 20251223210316.0 | ||
| 007 | tu | ||
| 008 | 050711s2004 sz ||||| 00| ||fre c | ||
| 020 | |a 9782600005326 |9 978-2-600-00532-6 | ||
| 020 | |a 2600005323 |9 2-600-00532-3 | ||
| 035 | |a (DE-627)492015082 | ||
| 035 | |a (DE-576)11550303X | ||
| 035 | |a (DE-599)GBV492015082 | ||
| 035 | |a (OCoLC)254724623 | ||
| 035 | |a (FrPAAL)02983770001 | ||
| 040 | |a DE-627 |b ger |c DE-627 |e rakwb | ||
| 041 | |a fre | ||
| 044 | |c XA-CH | ||
| 050 | 0 | |a PQ245 | |
| 082 | 0 | |a 200 | |
| 082 | 0 | |a 809 | |
| 082 | 0 | |a 800 | |
| 084 | |a IF 5100 |2 rvk |0 (DE-625)rvk/55477: | ||
| 084 | |a 18.00 |2 bkl | ||
| 084 | |a 17.87 |2 bkl | ||
| 100 | 1 | |0 (DE-588)131949500 |0 (DE-627)516192973 |0 (DE-576)161981011 |4 aut |a Le Brun, Jacques |d 1931-2020 | |
| 109 | |a Le Brun, Jacques 1931-2020 |a Brun, Jacques Le 1931-2020 |a LeBrun, Jacques 1931-2020 |a Le Brun, J. 1931-2020 |a Brun, J. Le 1931-2020 | ||
| 245 | 1 | 3 | |a La jouissance et le trouble |b recherches sur la littérature chrétienne de l'âge classique |c Jacques Le Brun |
| 264 | 1 | |a Genève |b Droz |c 2004 | |
| 300 | |a 635 Seiten | ||
| 336 | |a Text |b txt |2 rdacontent | ||
| 337 | |a ohne Hilfsmittel zu benutzen |b n |2 rdamedia | ||
| 338 | |a Band |b nc |2 rdacarrier | ||
| 490 | 1 | |a Titre courant |v 32 | |
| 583 | 1 | |a Archivierung prüfen |c 20200919 |f DE-640 |z 2 |2 pdager | |
| 583 | 1 | |a Archivierung prüfen |c 20240324 |f DE-4165 |z 1 |2 pdager | |
| 601 | |a Recherche | ||
| 650 | 4 | |a Christian literature, French |x 17th century |x History and criticism | |
| 650 | 4 | |a French Literature |x 17th century |x History and criticism | |
| 689 | 0 | 0 | |d s |0 (DE-588)4010110-1 |0 (DE-627)106359762 |0 (DE-576)208885978 |2 gnd |a Christliche Literatur |
| 689 | 0 | 1 | |d s |0 (DE-588)4030960-5 |0 (DE-627)106267922 |0 (DE-576)208989897 |2 gnd |a Klassik |
| 689 | 0 | |5 (DE-627) | |
| 830 | 0 | |a Titre courant |v 32 |9 32 |w (DE-627)39141061X |w (DE-576)058370757 |w (DE-600)2156249-0 |x 1420-5254 |7 am | |
| 856 | 4 | 2 | |u http://bvbr.bib-bvb.de:8991/F?func=service&doc_library=BVB01&doc_number=012959366&line_number=0001&func_code=DB_RECORDS&service_type=MEDIA |m V:DE-604 |q application/pdf |v 20090731000000 |3 Inhaltsverzeichnis |7 1 |
| 856 | 4 | 2 | |u http://bvbr.bib-bvb.de:8991/F?func=service&doc_library=BVB01&doc_number=012959366&line_number=0002&func_code=DB_RECORDS&service_type=MEDIA |m V:DE-604 |q application/pdf |3 Klappentext |7 1 |
| 935 | |a mteo | ||
| 935 | |i Blocktest | ||
| 936 | r | v | |a IF 5100 |b Geistes- und Ideengeschichte |k Romanistik |k Französische Literatur im 16. und 17. Jahrhundert |k Französische Literatur im 17. Jahrhundert |k Literaturgeschichte |k Geistes- und Ideengeschichte |0 (DE-627)1271087901 |0 (DE-625)rvk/55477: |0 (DE-576)201087901 |
| 936 | b | k | |a 18.00 |j Einzelne Sprachen und Literaturen allgemein |0 (DE-627)106405403 |
| 936 | b | k | |a 17.87 |j Besondere Literaturkategorien |0 (DE-627)106416049 |
| 951 | |a BO | ||
| ELC | |b 1 | ||
| ORI | |a SA-MARC-ixtheo_oa001.raw | ||
| REL | |a 1 | ||
| STA | 0 | 0 | |a Christian literature,Literature,Catholic literature,Protestant literature,Civilization, Classical |
| STB | 0 | 0 | |a Civilisation classique,Littérature chrétienne |
| STC | 0 | 0 | |a Clasicismo,Literatura cristiana |
| STD | 0 | 0 | |a Età classica,Classicismo,Classicismo,Letteratura cristiana |
| STG | 0 | 0 | |a Classicismo,Literatura cristã |
| STH | 0 | 0 | |a Классицизм,Христианская литература |
| STI | 0 | 0 | |a Κλασικισμός,Χριστιανική λογοτεχνία |
| SUB | |a REL | ||
| SYG | 0 | 0 | |a Christliche Weltliteratur,Christliche Dichtung , Das Klassische |



